[Event "Schleswig Holstein-ch Seniors op 11th"]
[Site "Buesum"]
[Date "2017.09.15"]
[Round "8"]
[White "Baum, Bernd"]
[Black "Bartsch, Berthold"]
[Result "1-0"]
[WhiteElo "2268"]
[BlackElo "2259"]
[PlyCount "69"]
[EventDate "2017.09.08"]
[EventType "swiss"]
[EventRounds "9"]
[EventCountry "GER"]
[SourceTitle "EXT 2019"]
[Source "ChessBase"]
[SourceDate "2018.10.10"]
[SourceVersion "1"]
[SourceVersionDate "2018.10.10"]
[SourceQuality "1"]

1. Nf3 Nf6 2. g3 b5 3. Bg2 Bb7 4. Na3 a6 5. c4 b4 6. Nc2 c5 7. 0-0 d6 8. d4 Nbd7 9. b3 g6 10. Bb2 Bg7 11. d5 0-0 12. Qd3 a5 13. e4 a4 14. Rae1 axb3 15. axb3 Ra2 16. Ba1 Qc7 17. h3 Rfa8 18. Nh2 Ne5 19. Bxe5 dxe5 20. Ra1 Bh6 21. Rxa2 Rxa2 22. Ra1 Rxa1+ 23. Nxa1 Bc8 24. Qb1 Ne8 25. Qa2 Nd6 26. Nc2 Bd2 27. Nf3 Bc3 28. Nfe1 Qb6 29. Qa8 Kg7 30. Nd3 f5 31. Qc6 Qxc6 32. dxc6 Nxc4 33. bxc4 b3 34. Na3 Bd4 35. Nb5 1-0

[Event "GER-chA Seniors 29th"]
[Site "Berlin"]
[Date "2017.08.16"]
[Round "9"]
[White "Burchardt, Brigitte"]
[Black "Bartsch, Berthold"]
[Result "1/2-1/2"]
[WhiteElo "2169"]
[BlackElo "2260"]
[PlyCount "123"]
[EventDate "2017.08.07"]
[EventType "swiss"]
[EventRounds "9"]
[EventCountry "GER"]
[SourceTitle "EXT 2019"]
[Source "ChessBase"]
[SourceDate "2018.10.10"]
[SourceVersion "1"]
[SourceVersionDate "2018.10.10"]
[SourceQuality "1"]

1. e4 c5 2. Nc3 Nc6 3. g3 g6 4. Bg2 Bg7 5. d3 e6 6. Be3 Nd4 7. Qd2 Ne7 8. Nd1 d6 9. c3 Ndc6 10. Nf3 0-0 11. Bh6 Bxh6 12. Qxh6 f6 13. h4 Rb8 14. Qe3 b5 15. 0-0 Qb6 16. d4 b4 17. dxc5 dxc5 18. Re1 e5 19. Bf1 Be6 20. Nd2 Na5 21. b3 Nec6 22. Rc1 Rfc8 23. Nb2 Kg7 24. Na4 Qd8 25. Nxc5 Bf7 26. cxb4 Rxb4 27. a3 Rb6 28. b4 Nd4 29. Nc4 Nxc4 30. Bxc4 Rbc6 31. Bxf7 Kxf7 32. f4 Qe7 33. Rcd1 Kg7 34. Rf1 R8c7 35. Rf2 Ne6 36. fxe5 fxe5 37. Nxe6+ Qxe6 38. Qf3 Rc8 39. Kh2 R6c7 40. Rdf1 Rd8 41. Kg2 Rdc8 42. Rd1 Re8 43. Rd5 Rec8 44. Qd1 Re7 45. Rd6 Qg8 46. h5 Rf8 47. Rxf8 Qxf8 48. hxg6 hxg6 49. Qd5 Qe8 50. Rd8 Qf7 51. Qxf7+ Kxf7 52. Rd5 Kf6 53. a4 Rc7 54. Rd6+ Kg5 55. Re6 Rc4 56. Kf3 Rc3+ 57. Kf2 Rc2+ 58. Kf3 Rc3+ 59. Ke2 Rxg3 60. Rxe5+ Kf4 61. Re7 Re3+ 62. Kf2 1/2-1/2

[Event "GER-chA Seniors 29th"]
[Site "Berlin"]
[Date "2017.08.15"]
[Round "8"]
[White "Bartsch, Berthold"]
[Black "Waagener, Ulrich"]
[Result "1-0"]
[WhiteElo "2260"]
[BlackElo "2106"]
[PlyCount "95"]
[EventDate "2017.08.07"]
[EventType "swiss"]
[EventRounds "9"]
[EventCountry "GER"]
[SourceTitle "EXT 2019"]
[Source "ChessBase"]
[SourceDate "2018.10.10"]
[SourceVersion "1"]
[SourceVersionDate "2018.10.10"]
[SourceQuality "1"]

1. Nc3 c5 2. e4 Nc6 3. g3 e6 4. Bg2 Nd4 5. d3 Ne7 6. Be3 Nec6 7. f4 d6 8. Qd2 Bd7 9. Nd1 e5 10. c3 Ne6 11. Nf3 Be7 12. 0-0 0-0 13. Bf2 Rc8 14. f5 Ng5 15. Ne1 h6 16. Ne3 Nb8 17. Nd5 Bc6 18. f6 Bxf6 19. Nxf6+ gxf6 20. h4 Nh7 21. Qxh6 Bd7 22. Nc2 Kh8 23. Ne3 Rg8 24. Kh2 Nc6 25. Nf5 Bxf5 26. exf5 Ne7 27. Qh5 Rg7 28. Be3 Ng8 29. Qe2 d5 30. c4 d4 31. Bd2 Qc7 32. Be4 Nf8 33. Rab1 Rh7 34. b4 Nd7 35. a4 cxb4 36. Rxb4 Nc5 37. Rfb1 b6 38. a5 Rb8 39. Rb5 Nxe4 40. Qxe4 Ne7 41. c5 Qd7 42. axb6 axb6 43. Rxb6 Re8 44. Rxf6 Qc7 45. Rc1 Rb8 46. Rc2 Kg7 47. Qg4+ Kh8 48. Rh6 1-0

[Event "GER-chA Seniors 29th"]
[Site "Berlin"]
[Date "2017.08.09"]
[Round "2"]
[White "Bartsch, Berthold"]
[Black "Hanisch, Friedrich"]
[Result "1-0"]
[WhiteElo "2260"]
[BlackElo "2075"]
[PlyCount "55"]
[EventDate "2017.08.07"]
[EventType "swiss"]
[EventRounds "9"]
[EventCountry "GER"]
[SourceTitle "EXT 2019"]
[Source "ChessBase"]
[SourceDate "2018.10.10"]
[SourceVersion "1"]
[SourceVersionDate "2018.10.10"]
[SourceQuality "1"]

1. Nc3 d5 2. e4 c6 3. g3 dxe4 4. Nxe4 Bf5 5. Qe2 Bxe4 6. Qxe4 Nf6 7. Qe2 e6 8. Bg2 Be7 9. Nf3 0-0 10. 0-0 Nbd7 11. Rd1 Re8 12. d4 Qc7 13. c4 Rad8 14. a3 a6 15. b4 b5 16. Bf4 Qb6 17. Rac1 bxc4 18. Qxc4 Rc8 19. Bd2 Nd5 20. Bf1 Rc7 21. Rc2 h6 22. Rdc1 Ra8 23. Qd3 Bf6 24. Qe4 Be7 25. Bd3 N7f6 26. Qe2 Nd7 27. h4 Qb7 28. Ne5 1-0

[Event "Baden Wuerttemberg-ch Seniors op 3rd"]
[Site "Freudenstadt"]
[Date "2017.07.08"]
[Round "9"]
[White "Bartsch, Berthold"]
[Black "Selig, Rainer"]
[Result "1-0"]
[WhiteElo "2268"]
[BlackElo "2108"]
[PlyCount "55"]
[EventDate "2017.06.30"]
[EventType "swiss"]
[EventRounds "9"]
[EventCountry "GER"]
[SourceTitle "EXT 2019"]
[Source "ChessBase"]
[SourceDate "2018.10.10"]
[SourceVersion "1"]
[SourceVersionDate "2018.10.10"]
[SourceQuality "1"]

1. Nc3 d5 2. e4 dxe4 3. Nxe4 Bf5 4. Qf3 Bxe4 5. Qxe4 c6 6. Nf3 Nf6 7. Qe2 Nbd7 8. d4 e6 9. g3 Be7 10. Bg2 0-0 11. 0-0 Qa5 12. c4 Qh5 13. h3 Qa5 14. Bf4 Rfe8 15. a3 Nf8 16. b4 Qa6 17. Rfb1 Ng6 18. Be3 Rac8 19. a4 b6 20. Ne5 Rc7 21. Nxc6 Qc8 22. b5 Bd6 23. a5 e5 24. d5 Bc5 25. axb6 axb6 26. Bxc5 bxc5 27. b6 Rb7 28. Na5 1-0

[Event "BL2-Ost 1617"]
[Site "Germany"]
[Date "2017.02.19"]
[Round "8.7"]
[White "Walter, Thomas"]
[Black "Bartsch, Berthold"]
[Result "1-0"]
[WhiteElo "2128"]
[BlackElo "2278"]
[PlyCount "57"]
[EventDate "2016.10.14"]
[EventType "team-tourn"]
[EventRounds "10"]
[EventCountry "GER"]
[SourceTitle "CBM 177 Extra"]
[Source "ChessBase"]
[SourceDate "2017.04.27"]
[SourceVersion "1"]
[SourceVersionDate "2017.04.27"]
[SourceQuality "1"]
[WhiteTeam "Erlangen"]
[BlackTeam "Forchheim"]
[WhiteTeamCountry "GER"]
[BlackTeamCountry "GER"]

1. e4 c5 2. Nf3 Nf6 3. Nc3 d5 4. exd5 Nxd5 5. Bc4 Nxc3 6. bxc3 e6 7. 0-0 Be7 8. Ne5 0-0 9. Re1 Bd7 10. Rb1 Qc7 11. Qg4 Bf6 12. d4 Nc6 13. Bf4 Bxe5 14. dxe5 Ne7 15. h4 Ng6 16. Bg3 b5 17. Bd3 c4 18. Be4 Bc6 19. h5 Bxe4 20. Qxe4 Ne7 21. Rxb5 Nd5 22. Qd4 Rac8 23. h6 Qc6 24. Reb1 a6 25. Rb7 g6 26. Bh4 Qa4 27. R1b2 Qa3 28. Kf1 Nxc3 29. Be7 1-0

[Event "Wch Seniors 50 26th"]
[Site "Marianske Lazne"]
[Date "2016.11.30"]
[Round "11"]
[White "Elias, Miroslav"]
[Black "Bartsch, Berthold"]
[Result "0-1"]
[WhiteElo "2043"]
[BlackElo "2279"]
[PlyCount "64"]
[EventDate "2016.11.19"]
[EventType "swiss"]
[EventRounds "11"]
[EventCountry "CZE"]
[SourceTitle "CBM 175 Extra"]
[Source "ChessBase"]
[SourceDate "2016.12.12"]
[SourceVersion "1"]
[SourceVersionDate "2016.12.12"]
[SourceQuality "1"]

1. e4 c5 2. b3 Nf6 3. Nc3 e6 4. Nf3 Nc6 5. Bb5 Nd4 6. e5 Nxb5 7. Nxb5 a6 8. Nc3 Nd5 9. Bb2 Nxc3 10. Bxc3 b6 11. Qe2 Bb7 12. 0-0 Be7 13. d3 0-0 14. Nd2 f6 15. f4 Qc7 16. Rae1 f5 17. Qh5 b5 18. Nf3 a5 19. Ng5 Bxg5 20. fxg5 g6 21. Qh4 Qc6 22. Re2 c4 23. dxc4 bxc4 24. Qxc4 Qxc4 25. bxc4 Ba6 26. Rf4 Rfc8 27. Rd2 Bxc4 28. Rxd7 Bd5 29. Rh4 h5 30. gxh6 Rxc3 31. Rg7+ Kh8 32. Rxg6 Rxc2 0-1

[Event "Wch Seniors 50 26th"]
[Site "Marianske Lazne"]
[Date "2016.11.26"]
[Round "7"]
[White "Berezjuk, Sergej"]
[Black "Bartsch, Berthold"]
[Result "1-0"]
[WhiteElo "2431"]
[BlackElo "2279"]
[PlyCount "63"]
[EventDate "2016.11.19"]
[EventType "swiss"]
[EventRounds "11"]
[EventCountry "CZE"]
[SourceTitle "CBM 175 Extra"]
[Source "ChessBase"]
[SourceDate "2016.12.12"]
[SourceVersion "1"]
[SourceVersionDate "2016.12.12"]
[SourceQuality "1"]

1. e4 c5 2. Nf3 Nf6 3. e5 Nd5 4. Nc3 Nxc3 5. dxc3 Nc6 6. Bf4 e6 7. Qd2 Be7 8. 0-0-0 0-0 9. h4 f6 10. exf6 gxf6 11. Bh6 Rf7 12. g4 d5 13. Rg1 Bf8 14. Bxf8 Qxf8 15. g5 Bd7 16. Be2 Kh8 17. Rg3 Ne5 18. Rdg1 Nxf3 19. Rxf3 Rg7 20. Rfg3 f5 21. f4 Qd6 22. Bd1 e5 23. fxe5 Qxe5 24. Re3 Qd6 25. Rge1 Rd8 26. Bf3 Bc6 27. Re5 Rf7 28. Bh5 Rg7 29. Rxf5 d4 30. Qf2 Rgg8 31. Rf6 Rdf8 32. Bf7 1-0

[Event "Wch Seniors 50 26th"]
[Site "Marianske Lazne"]
[Date "2016.11.23"]
[Round "5"]
[White "Tesar, Jan"]
[Black "Bartsch, Berthold"]
[Result "0-1"]
[WhiteElo "2072"]
[BlackElo "2279"]
[PlyCount "82"]
[EventDate "2016.11.19"]
[EventType "swiss"]
[EventRounds "11"]
[EventCountry "CZE"]
[SourceTitle "CBM 175 Extra"]
[Source "ChessBase"]
[SourceDate "2016.12.12"]
[SourceVersion "1"]
[SourceVersionDate "2016.12.12"]
[SourceQuality "1"]

1. d4 Nf6 2. Nf3 d5 3. g3 e6 4. Bg2 c5 5. 0-0 Nc6 6. c4 dxc4 7. Qa4 Bd7 8. Qxc4 cxd4 9. Nxd4 Nxd4 10. Qxd4 Bc6 11. Bxc6+ bxc6 12. Qa4 Qb6 13. Be3 Qb5 14. Qc2 Be7 15. a4 Qb7 16. Nd2 0-0 17. Nc4 Rfc8 18. a5 c5 19. Bg5 Rcb8 20. Rfd1 h6 21. Bxf6 Bxf6 22. e4 Bd4 23. Rab1 Qb3 24. Qe2 Rb4 25. Rdc1 Rab8 26. Rc2 Qa2 27. Rd1 Qa4 28. e5 Qc6 29. Rd3 Qd5 30. Rf3 Ra4 31. Ra3 Rxa3 32. Nxa3 Qxe5 33. Qa6 Bxb2 34. Re2 Qc7 35. Nb5 Qb7 36. Qxb7 Rxb7 37. Nd6 Rb4 38. a6 Bd4 39. Ra2 c4 40. Rc2 c3 41. Ne4 f5 0-1

[Event "Wch Seniors 50 26th"]
[Site "Marianske Lazne"]
[Date "2016.11.22"]
[Round "4"]
[White "Bartsch, Berthold"]
[Black "Agusto, Obafunmilayo"]
[Result "1-0"]
[WhiteElo "2279"]
[BlackElo "2144"]
[PlyCount "83"]
[EventDate "2016.11.19"]
[EventType "swiss"]
[EventRounds "11"]
[EventCountry "CZE"]
[SourceTitle "CBM 175 Extra"]
[Source "ChessBase"]
[SourceDate "2016.12.12"]
[SourceVersion "1"]
[SourceVersionDate "2016.12.12"]
[SourceQuality "1"]

1. Nc3 d5 2. e4 d4 3. Nce2 e5 4. d3 Nc6 5. g3 Nf6 6. Bg2 Bb4+ 7. Bd2 Bxd2+ 8. Qxd2 Bg4 9. f3 Be6 10. h3 Qd6 11. a3 Nd7 12. f4 f6 13. Nf3 0-0 14. 0-0 Ne7 15. Rf2 c5 16. Raf1 c4 17. Nh4 cxd3 18. cxd3 Rac8 19. Nf5 Nxf5 20. exf5 Bd5 21. fxe5 fxe5 22. g4 Bxg2 23. Rxg2 Qh6 24. Qxh6 gxh6 25. Ng3 Nc5 26. Rf3 e4 27. Nxe4 Nxe4 28. dxe4 Rc1+ 29. Rf1 Rxf1+ 30. Kxf1 Re8 31. Re2 Rc8 32. Rd2 Rc1+ 33. Kf2 Rh1 34. Kg3 Rb1 35. e5 Re1 36. Kf4 Re3 37. Rxd4 Rxh3 38. Rd8+ Kg7 39. Rd7+ Kg8 40. Rxb7 h5 41. e6 Rh4 42. f6 1-0

[Event "GER-chT Seniors 25th"]
[Site "Magdeburg"]
[Date "2016.10.15"]
[Round "7.1"]
[White "Bartsch, Berthold"]
[Black "Nekrasov, Mihail"]
[Result "1/2-1/2"]
[WhiteElo "2267"]
[BlackElo "2388"]
[PlyCount "44"]
[EventDate "2016.10.09"]
[EventType "team-swiss"]
[EventRounds "7"]
[EventCountry "GER"]
[SourceTitle "EXT 2019"]
[Source "ChessBase"]
[SourceDate "2018.10.10"]
[SourceVersion "1"]
[SourceVersionDate "2018.10.10"]
[SourceQuality "1"]
[WhiteTeam "Bayern"]
[BlackTeam "Baden"]
[WhiteTeamCountry "GER"]
[BlackTeamCountry "GER"]

1. Nc3 c5 2. e4 Nc6 3. g3 g6 4. Bg2 Bg7 5. d3 d6 6. Be3 e5 7. Qd2 Nge7 8. f4 Nd4 9. Nd1 0-0 10. c3 Ndc6 11. Nf3 b6 12. c4 Rb8 13. Nc3 Nd4 14. 0-0 Bg4 15. fxe5 dxe5 16. Nd5 f6 17. Rf2 Qd7 18. Raf1 Nxd5 19. cxd5 a5 20. Kh1 Nxf3 21. Bxf3 Bh3 22. Bg2 Bg4 1/2-1/2

[Event "Schleswig Holstein-ch Seniors op 10th"]
[Site "Buesum"]
[Date "2016.10.01"]
[Round "6"]
[White "Bartsch, Berthold"]
[Black "Kuehn, Peter1111"]
[Result "1-0"]
[WhiteElo "2267"]
[BlackElo "1969"]
[PlyCount "109"]
[EventDate "2016.09.26"]
[EventType "swiss"]
[EventRounds "9"]
[EventCountry "GER"]
[SourceTitle "EXT 2019"]
[Source "ChessBase"]
[SourceDate "2018.10.10"]
[SourceVersion "1"]
[SourceVersionDate "2018.10.10"]
[SourceQuality "1"]

1. Nc3 d6 2. e4 Nf6 3. g3 g6 4. Bg2 Bg7 5. d3 Nc6 6. f4 Nd4 7. h3 e5 8. Nf3 Nxf3+ 9. Qxf3 c6 10. 0-0 0-0 11. Kh2 exf4 12. Bxf4 Nh5 13. Be3 Be5 14. Ne2 Bxb2 15. Rab1 Bh8 16. g4 Ng7 17. Bh6 f5 18. gxf5 gxf5 19. Qg3 Qf6 20. Bf4 Rf7 21. Bxd6 Be6 22. c4 Qg6 23. Qxg6 hxg6 24. Nf4 Kh7 25. h4 Re8 26. Rbe1 Bd7 27. d4 fxe4 28. Bxe4 Bf5 29. Bg2 Rxe1 30. Rxe1 Nh5 31. Nxh5 gxh5 32. d5 cxd5 33. cxd5 Bf6 34. Bg3 b5 35. d6 a5 36. Rc1 Be6 37. Rc5 Bxa2 38. Rxh5+ Kg6 39. Rxb5 a4 40. Ra5 Bb3 41. Be4+ Kg7 42. Bc6 Bc3 43. Ra8 Rf8 44. Ra7+ Rf7 45. Ra6 Bf6 46. Bxa4 Bd5 47. Bc6 Be6 48. Ra8 Bd4 49. Re8 Kf6 50. Bf4 Bf5 51. Bg5+ Kg7 52. Re7 Rxe7 53. dxe7 Bg6 54. e8Q Bxe8 55. Bxe8 1-0

[Event "WchT Seniors 50"]
[Site "Radebeul"]
[Date "2016.07.02"]
[Round "7.7"]
[White "Bartsch, Berthold"]
[Black "Nehmert, Ulrich"]
[Result "1-0"]
[WhiteElo "2270"]
[BlackElo "2324"]
[PlyCount "73"]
[EventDate "2016.06.26"]
[EventType "team-swiss"]
[EventRounds "9"]
[EventCountry "GER"]
[SourceTitle "CBM 173 Extra"]
[Source "ChessBase"]
[SourceDate "2016.08.29"]
[SourceVersion "1"]
[SourceVersionDate "2016.08.29"]
[SourceQuality "1"]
[WhiteTeam "Forchheim"]
[BlackTeam "Hessen Seniors"]
[WhiteTeamCountry "GER"]
[BlackTeamCountry "GER"]

1. Nc3 d5 2. e4 d4 3. Nce2 e5 4. d3 c5 5. g3 g5 6. f4 gxf4 7. gxf4 Bg4 8. Bg2 Qh4+ 9. Kf1 Bh6 10. Qe1 Qxe1+ 11. Kxe1 f6 12. Bf3 Be6 13. Bh5+ Ke7 14. Nf3 Nc6 15. Rg1 Nb4 16. Kd1 c4 17. Bd2 a5 18. fxe5 cxd3 19. cxd3 Nxd3 20. exf6+ Kxf6 21. Nexd4 Nf2+ 22. Ke2 Nxe4 23. Nxe6 Nxd2 24. Nxd2 Kxe6 25. Ne4 Rd8 26. Rad1 Nf6 27. Bf3 Nxe4 28. Bxe4 Rxd1 29. Rxd1 Bf4 30. Bxb7 Rb8 31. Bd5+ Ke5 32. Bc4 Bxh2 33. b3 Re8 34. Kf3 Kf6 35. Rh1 Bd6 36. Rh6+ Kg5 37. Rxd6 1-0

[Event "WchT Seniors 50"]
[Site "Radebeul"]
[Date "2016.06.28"]
[Round "3.2"]
[White "Bartsch, Berthold"]
[Black "Anastasian, Ashot"]
[Result "0-1"]
[WhiteElo "2270"]
[BlackElo "2532"]
[PlyCount "42"]
[EventDate "2016.06.26"]
[EventType "team-swiss"]
[EventRounds "9"]
[EventCountry "GER"]
[SourceTitle "CBM 173 Extra"]
[Source "ChessBase"]
[SourceDate "2016.08.29"]
[SourceVersion "1"]
[SourceVersionDate "2016.08.29"]
[SourceQuality "1"]
[WhiteTeam "Forchheim"]
[BlackTeam "Armenia"]
[WhiteTeamCountry "GER"]
[BlackTeamCountry "ARM"]

1. Nc3 c5 2. e4 Nc6 3. g3 g6 4. Bg2 Bg7 5. d3 e5 6. Be3 d6 7. Qd2 Nge7 8. Bh6 0-0 9. Bxg7 Kxg7 10. f4 exf4 11. gxf4 d5 12. 0-0-0 dxe4 13. dxe4 Nd4 14. Nd5 Nxd5 15. exd5 Bf5 16. c3 Nb3+ 17. axb3 Qa5 18. Qf2 Rfe8 19. Ne2 Qa1+ 20. Kd2 Qxb2+ 21. Ke1 Bg4 0-1

[Event "Hessen-ch Seniors op 12th"]
[Site "Bad Sooden-Allendorf"]
[Date "2016.04.30"]
[Round "1"]
[White "Thieme, Wolfgang"]
[Black "Bartsch, Berthold"]
[Result "0-1"]
[WhiteElo "1907"]
[BlackElo "2273"]
[PlyCount "80"]
[EventDate "2016.04.30"]
[EventType "swiss"]
[EventRounds "9"]
[EventCountry "GER"]
[SourceTitle "EXT 2019"]
[Source "ChessBase"]
[SourceDate "2018.10.10"]
[SourceVersion "1"]
[SourceVersionDate "2018.10.10"]
[SourceQuality "1"]

1. e4 c5 2. d4 cxd4 3. c3 Nf6 4. e5 Nd5 5. Bc4 Nb6 6. Bb3 dxc3 7. Nxc3 Nc6 8. Nf3 d6 9. 0-0 e6 10. exd6 Bxd6 11. Qe2 0-0 12. Rd1 Qe7 13. Ne4 Rd8 14. Nxd6 Rxd6 15. Bf4 Rxd1+ 16. Rxd1 Nd5 17. Bxd5 exd5 18. Qxe7 Nxe7 19. Re1 Be6 20. Ng5 Nc6 21. Kf1 Re8 22. b3 h6 23. Nxe6 fxe6 24. Ke2 Kf7 25. Kd2 e5 26. Bg3 Kf6 27. b4 a6 28. Rc1 Rc8 29. b5 Na7 30. Rxc8 Nxc8 31. bxa6 bxa6 32. f4 e4 33. Bf2 Kf5 34. Bd4 g6 35. Be5 Ne7 36. h3 h5 37. g3 Nc6 38. Bd6 d4 39. Bc5 h4 40. g4+ Kxf4 0-1

[Event "Bayern-chI Bank Hofmann 19th"]
[Site "Bad Wiessee"]
[Date "2015.11.03"]
[Round "4"]
[White "Bartsch, Berthold"]
[Black "Andersson, Ulf"]
[Result "0-1"]
[WhiteElo "2312"]
[BlackElo "2510"]
[PlyCount "86"]
[EventDate "2015.10.31"]
[EventType "swiss"]
[EventRounds "9"]
[EventCountry "GER"]
[SourceTitle "CBM 169 Extra"]
[Source "ChessBase"]
[SourceDate "2015.12.18"]
[SourceVersion "1"]
[SourceVersionDate "2015.12.18"]
[SourceQuality "1"]

1. Nc3 d5 2. e4 dxe4 3. Nxe4 Nd7 4. d4 Ngf6 5. Ng3 e6 6. Nf3 c5 7. Be2 Be7 8. dxc5 Bxc5 9. 0-0 0-0 10. c3 b6 11. Ng5 Bb7 12. Bf3 Qc7 13. Bxb7 Qxb7 14. Qf3 Qxf3 15. Nxf3 Rfc8 16. Rd1 Bf8 17. Ne2 b5 18. b3 Nd5 19. Bb2 N7b6 20. Rac1 g6 21. Nfd4 a6 22. Rd3 Rc7 23. g3 Rac8 24. Rcd1 Nd7 25. Ra1 Bg7 26. f4 h5 27. Rf3 Nc5 28. Kg2 Ne4 29. Rc1 Nexc3 30. Rcxc3 Nxc3 31. Bxc3 Rxc3 32. Rxc3 Rxc3 33. Nxc3 Bxd4 34. Ne2 Bb2 35. Ng1 Kf8 36. Nf3 Ke7 37. Ng5 e5 38. Kf3 f6 39. Ne4 f5 40. Nc5 e4+ 41. Ke3 a5 42. a4 Ba3 43. Nb7 Bb4 0-1

[Event "Schleswig Holstein-ch Seniors op 9th"]
[Site "Buesum"]
[Date "2015.09.30"]
[Round "3"]
[White "Zunker, Reinhard"]
[Black "Bartsch, Berthold"]
[Result "0-1"]
[WhiteElo "2135"]
[BlackElo "2323"]
[PlyCount "98"]
[EventDate "2015.09.28"]
[EventType "swiss"]
[EventRounds "9"]
[EventCountry "GER"]
[SourceTitle "EXT 2018"]
[Source "ChessBase"]
[SourceDate "2017.10.13"]
[SourceVersion "1"]
[SourceVersionDate "2017.10.13"]
[SourceQuality "1"]

1. d4 Nf6 2. Nf3 d5 3. c4 c6 4. e3 e6 5. Nc3 Bd6 6. Bd3 Nbd7 7. Qc2 dxc4 8. Bxc4 e5 9. Bd2 exd4 10. Nxd4 0-0 11. Be2 Re8 12. Rd1 Qc7 13. h3 a6 14. 0-0 c5 15. Nf5 Bf8 16. e4 b5 17. Bg5 Bb7 18. f3 c4 19. Bh4 g6 20. Bg3 Qb6+ 21. Bf2 Qe6 22. Ne3 Nb6 23. Rfe1 Rac8 24. Bf1 Qe5 25. Ned5 Nbxd5 26. exd5 Qf4 27. Rxe8 Rxe8 28. Qd2 Qxd2 29. Rxd2 Bb4 30. Bd4 Nxd5 31. Nxd5 Bxd5 32. Re2 Rxe2 33. Bxe2 f5 34. f4 Kf7 35. Kf2 Bd2 36. Be5 Ke6 37. a3 Be4 38. g3 Kd5 39. Bc3 Bxc3 40. bxc3 a5 41. Ke3 Kc5 42. g4 b4 43. axb4+ axb4 44. Kd2 b3 45. Kc1 g5 46. fxg5 f4 47. h4 f3 48. Bf1 Bd3 49. Bh3 Kd6 0-1

[Event "GER-chA Seniors 27th"]
[Site "Magdeburg"]
[Date "2015.08.20"]
[Round "6"]
[White "Bartsch, Berthold"]
[Black "Ackermann, Hans Werner"]
[Result "0-1"]
[WhiteElo "2294"]
[BlackElo "2319"]
[PlyCount "66"]
[EventDate "2015.08.15"]
[EventType "swiss"]
[EventRounds "9"]
[EventCountry "GER"]
[SourceTitle "EXT 2018"]
[Source "ChessBase"]
[SourceDate "2017.10.13"]
[SourceVersion "1"]
[SourceVersionDate "2017.10.13"]
[SourceQuality "1"]

1. e4 d6 2. Nc3 Nf6 3. g3 e5 4. Bg2 c6 5. Nf3 Be7 6. d4 Qc7 7. 0-0 0-0 8. h3 a5 9. Be3 a4 10. Nh4 Qa5 11. a3 Ne8 12. d5 g6 13. Qd2 Ng7 14. f4 Nh5 15. Kh2 exf4 16. Rxf4 Nxf4 17. Bxf4 Qd8 18. Bh6 Re8 19. Rf1 Nd7 20. Qd4 Ne5 21. Nf3 c5 22. Qf2 f6 23. Nxe5 dxe5 24. g4 Ra6 25. Be3 Qa5 26. d6 Bxd6 27. Qxf6 Rf8 28. Qh4 Be6 29. Bh6 Rf7 30. Rxf7 Bxf7 31. Bf1 c4 32. Bxc4 Bxc4 33. Qf6 Qc7 0-1